Statistiques concernant Les Stades de Ligue Europa

Cliquez ici pour prendre le quiz!

Statistiques générales

  • Ce quiz a été pris 54 fois
  • Le résultat moyen est 13 sur 31

Statistiques - réponses

StadesCapacitéClubs% Correct
Stade Olympique de Rome72 698Rome/Lazio
98%
Stade Olympique de Kiev70 050Dynamo Kiev
96%
Old Trafford74 310Manchester United
96%
La Beaujoire35 322Nantes
96%
Louis II17 746Monaco
90%
Roazhon Park29 194Stade Rennais
86%
Emirates Stadium60 704Arsenal
84%
Stadion Feijenoord47 500Feyenoord
78%
Ludogorets Arena12 500Ludogorets
66%
Stade Philips35 000PSV Eindhoven
54%
Sukru-Saracoglu50 509Fenerbahçe
50%
Europa-Park Stadion34 700Fribourg
40%
Benito Villamarin60 720Real Betis
40%
Rajko Mitic51 755Etoile Rouge
38%
Swedbank Stadion24 000Malmö
38%
Karaiskakis33 500Olympiakos
38%
Anoeta40 000Real Sociedad
34%
Medical Park Stadyumu41 461Trabzonspor
28%
Stade GSP22 859Omonia
22%
Joseph Marien8 081Union Saint Gilloise
20%
AEK Arena8 000Larnaca
18%
An Der Alten Försterei22 012Union Berlin
18%
Groupama Arena23 700Ferencvaros
16%
Azersun Arena5 800Qarabag
16%
Stade du letzigrund26 104Zurich
16%
Stade Axa30 286Braga
14%
Bolshaya Sportivnaya13 300Sheriff Tiraspol
12%
MCH Arena11 809Midtjylland
8%
Aspmyra Stadion7 400Bodo Glimt
6%
UPC-Arena15 400Sturm Graz
6%
Bolt Arena10 770Helsinki
4%

Distribution des résultats

Percentile par nombre de réponses

% des personnes avec chaque résultat

Votre développement - résultats

Vous n’avez pas pris ce quiz